| Tag |
First Indicator |
Second Indicator |
Subfields |
| LEADER |
00000cam a2200000 i 4500 |
| 001 |
in00000665253 |
| 005 |
20151015080216.0 |
| 008 |
790613s1979 nyua b 00110 eng |
| 010 |
|
|
|a 79016410
|
| 020 |
|
|
|a 0393012700
|
| 035 |
|
|
|a (OCoLC)05126109
|
| 035 |
|
|
|9 ACX6051AM
|
| 040 |
|
|
|a DLC
|c DLC
|d OCL
|d TXA
|d UtOrBLW
|
| 043 |
|
|
|a n-us-ma
|a n-usn--
|
| 049 |
|
|
|a TXAM
|c [1160955]
|
| 050 |
0 |
0 |
|a HN80.I67
|b J42 1979
|
| 082 |
0 |
|
|a 309.1/744/5
|
| 100 |
1 |
|
|a Jedrey, Christopher M.
|
| 245 |
1 |
4 |
|a The world of John Cleaveland :
|b family and community in eighteenth-century New England /
|c by Christopher M. Jedrey.
|
| 250 |
|
|
|a 1st ed.
|
| 264 |
|
1 |
|a New York :
|b Norton,
|c [1979]
|
| 264 |
|
4 |
|c ©1979
|
| 300 |
|
|
|a xiii, 234 pages :
|b illustrations ;
|c 21 cm.
|
| 336 |
|
|
|a text
|b txt
|2 rdacontent
|
| 337 |
|
|
|a unmediated
|b n
|2 rdamedia
|
| 338 |
|
|
|a volume
|b nc
|2 rdacarrier
|
| 500 |
|
|
|a Includes index.
|
| 504 |
|
|
|a Bibliography: pages 219-222.
|
| 600 |
1 |
0 |
|a Cleaveland, John,
|d 1722-1799.
|
| 651 |
|
0 |
|a Ipswich (Mass.)
|x Rural conditions.
|
| 651 |
|
0 |
|a Ipswich (Mass.)
|x Genealogy.
|
| 651 |
|
0 |
|a New England
|x Church history.
|
| 651 |
|
0 |
|a New England
|x Intellectual life
|x Case studies.
|
| 999 |
|
|
|a MARS
|
| 999 |
f |
f |
|s 77c6ca9d-f5aa-3523-9384-f65ecf0087ec
|i 783d13da-4afa-3709-95a6-f7dc4558e5e8
|t 0
|
| 952 |
f |
f |
|p ric
|a Texas A&M University
|b Rellis Campus
|c Joint Library Facility
|d Remote Storage
|t 0
|e HN80.I67 J42 1979
|h Library of Congress classification
|i unmediated -- volume
|m A14802936775
|
| 998 |
f |
f |
|a HN80.I67 J42 1979
|t 0
|l Remote Storage
|